Normal view
MARC view
Entry Topical Term
001 - CONTROL NUMBER
- control field: 53001
003 - CONTROL NUMBER IDENTIFIER
- control field: OSt
005 - DATE AND TIME OF LATEST TRANSACTION
- control field: 20250513144608.0
008 - FIXED-LENGTH DATA ELEMENTS
- fixed length control field: 250513|| aca||aabn | a|a d
040 ## - CATALOGING SOURCE
- Original cataloging agency: OSt
- Transcribing agency: OSt
150 ## - HEADING--TOPICAL TERM
- Topical term or geographic name entry element: Cabinet, Council of ministers, India, Modi, Nehru, Parliamentary system, Prime ministers, President.
670 ## - SOURCE DATA FOUND
- Source citation: Work cat.: (OSt): Tripathi, Vikas and Kumar, Rupak 53000, From Nehru to Modi: The executive in India
